Central Library OPAC University of Rajshahi

The Indian contract act, Sale of goods act, and Partnership act : (Record no. 46666)

MARC details
000 -LEADER
fixed length control field 01037nam a2200313 a 4500
001 - CONTROL NUMBER
control field 46666
003 - CONTROL NUMBER IDENTIFIER
rucl marc code BD-RjUL
005 - DATE AND TIME OF LATEST TRANSACTION
control field 20211209054204.0
008 - FIXED-LENGTH DATA ELEMENTS--GENERAL INFORMATION
fixed length control field 160803s1976 ii 001 0 eng
020 ## - INTERNATIONAL STANDARD BOOK NUMBER
Terms of availability : Rs 30.00
035 ## - SYSTEM CONTROL NUMBER
System control number (BD-RjUL)46785
040 ## - CATALOGING SOURCE
Original cataloging agency DLC
Transcribing agency DLC
Modifying agency DLC
Language of cataloging eng
041 ## - LANGUAGE CODE
Language code of text/sound track or separate title eng
082 00 - DEWEY DECIMAL CLASSIFICATION NUMBER
Classification number 347.40954
Edition number 23
Author mark and year DEI 1976
100 ## - MAIN ENTRY--PERSONAL NAME
Personal name Desai, Trikamlal R.
9 (RLIN) 142277
245 14 - TITLE STATEMENT
Title The Indian contract act, Sale of goods act, and Partnership act :
Remainder of title with notes based on English and Indian cases /
Statement of responsibility, etc. by Trikamal R. Desai ; edited by Kanishka H. Kaji.
250 ## - EDITION STATEMENT
Edition statement 18th ed.
260 ## - PUBLICATION, DISTRIBUTION, ETC. (IMPRINT)
Place of publication, distribution, etc. Calcutta :
Name of publisher, distributor, etc. S. C. Sarkar & Sons,
Date of publication, distribution, etc. 1976.
300 ## - PHYSICAL DESCRIPTION
Pagination lxiii, 712 p. ;
Size 22 cm.
500 ## - GENERAL NOTE
General note Includes index.
650 #0 - SUBJECT ADDED ENTRY--TOPICAL TERM
Topical term or geographic name as entry element Contracts
Geographic subdivision India.
9 (RLIN) 141970
Topical term or geographic name as entry element Contracts
Geographic subdivision Pakistan.
9 (RLIN) 142278
Topical term or geographic name as entry element Sales
Geographic subdivision India.
9 (RLIN) 142137
Topical term or geographic name as entry element Sales
Geographic subdivision Pakistan.
9 (RLIN) 142279
Topical term or geographic name as entry element Partnership
Geographic subdivision India.
9 (RLIN) 142138
Topical term or geographic name as entry element Partnership
Geographic subdivision Pakistan.
9 (RLIN) 142157
700 1# - ADDED ENTRY--PERSONAL NAME
Personal name Kaji, Kanishka H.,
Relator term ed.
942 ## - ADDED ENTRY ELEMENTS (KOHA)
Source of classification or shelving scheme Dewey Decimal Classification
Koha item type Books
Holdings
Lost status Source of classification or shelving scheme Damaged status Not for loan Collection code Permanent Location Current Location Shelving location Date acquired Source of acquisition Cost, normal purchase price Total Checkouts Full call number Date last seen Copy number Koha item type
  Dewey Decimal Classification     Non-fiction Central Library, University of Rajshahi Central Library, University of Rajshahi   12/11/1979 Indian Int., Calautta 38.00   347.40954 DEI 1976 03/08/2016 C-2 Books
  Dewey Decimal Classification     Non-fiction Central Library, University of Rajshahi Central Library, University of Rajshahi   12/11/1979 Indian Int., Calautta 38.00   347.40954 DEI 1976 03/08/2016 C-3 Books
  Dewey Decimal Classification     Non-fiction Central Library, University of Rajshahi Central Library, University of Rajshahi   12/11/1979 Indian Int., Calautta 38.00   347.40954 DEI 1976 03/08/2016 C-4 Books